Materials Management Procedures, Text and Cases (Record no. 5126)

MARC details
000 -LEADER
fixed length control field 00344nam a2200145Ia 4500
008 - FIXED-LENGTH DATA ELEMENTS--GENERAL INFORMATION
fixed length control field 191201s2010 xx 000 0 und d
082 ## - DEWEY DECIMAL CLASSIFICATION NUMBER
Classification number 658.51DAM
100 ## - MAIN ENTRY--PERSONAL NAME
Personal name DATTA, A.K.
245 #0 - TITLE STATEMENT
Title Materials Management Procedures, Text and Cases
250 ## - EDITION STATEMENT
Edition statement 2nd
260 ## - PUBLICATION, DISTRIBUTION, ETC. (IMPRINT)
Place of publication, distribution, etc N. Delhi
Name of publisher, distributor, etc PHI
Date of publication, distribution, etc 2010
300 ## - PHYSICAL DESCRIPTION
Extent 404
650 ## - SUBJECT ADDED ENTRY--TOPICAL TERM
Topical term or geographic name as entry element BBA
942 ## - ADDED ENTRY ELEMENTS (KOHA)
Source of classification or shelving scheme Dewey Decimal Classification
Koha item type Text Books
Holdings
Withdrawn status Lost status Source of classification or shelving scheme Damaged status Not for loan Collection code Home library Current library Date acquired Source of acquisition Cost, normal purchase price Bill Number Total Checkouts Full call number Acc. no. / Barcode Date last seen Bill Date Koha item type Date last borrowed
    Dewey Decimal Classification     BBA PIET C-LIBRARY PIET C-LIBRARY 18/02/2012 IBH, New Delhi 195.00 18200   658.7 DAM 18855 04/12/2019 08/02/2012 Text Books  
    Dewey Decimal Classification     BBA PIET C-LIBRARY PIET C-LIBRARY 18/02/2012 IBH, New Delhi 195.00 18200 2 658.7 DAM 18856 11/05/2024 08/02/2012 Text Books 24/04/2024
    Dewey Decimal Classification     BBA PIET C-LIBRARY PIET C-LIBRARY 18/02/2012 IBH, New Delhi 195.00 18200 1 658.7 DAM 18857 19/08/2021 08/02/2012 Text Books 05/08/2021
    Dewey Decimal Classification     BBA PIET C-LIBRARY PIET C-LIBRARY 18/02/2012 IBH, New Delhi 195.00 18200   658.7 DAM 18858 04/12/2019 08/02/2012 Text Books  
    Dewey Decimal Classification     BBA PIET C-LIBRARY PIET C-LIBRARY 18/02/2012 IBH, New Delhi 195.00 18200 1 658.7 DAM 18859 19/02/2020 08/02/2012 Text Books 06/02/2020
    Dewey Decimal Classification     BBA PIET C-LIBRARY PIET C-LIBRARY 18/02/2012 IBH, New Delhi 195.00 18200 1 658.7 DAM 18860 08/02/2025 08/02/2012 Text Books 13/01/2024

Design & Developed by: PIET Central Library
R70 Miles Stone Pattikalyana Samalkha Panipat 132102
mail ID :- [email protected], Phone No:- 0180-2569700 Ex.216